| 000 | 00644nam a22001817a 4500 | ||
|---|---|---|---|
| 008 | 140919t cl||||| |||| 00| 0 spa d | ||
| 020 | _a9789588392066 | ||
| 050 | 0 | 4 |
_aKHH2900 _bL53 2009 |
| 245 | 0 | 0 |
_aLiber amicorum en homenaje a Jaime Vidal Perdomo / _cJuan Rafael Bravo Arteaga ... [et al.]. |
| 250 | _a1a ed. | ||
| 260 |
_aBogotá, Colombia : _bAcademia Colombiana de Jurisprudencia, _c2009 |
||
| 300 |
_a294 p. ; _c24 cm. |
||
| 504 | _aIncluye bibliografias e índice | ||
| 650 | 7 |
_2LEMB _aDerecho Público _xLeyes _zColombia |
|
| 700 | 1 | _aVidal Perdomo, Jaime, coaut. | |
| 700 | 1 |
_aBravo Arteaga, Juan Rafael, _ecol. |
|
| 942 |
_2ddc _cLIB |
||
| 999 |
_c80586 _d80586 |
||